| 000 -CABECERA |
| Longitud fija campo de control |
00731nam a2200217 a 4500 |
| 001 - NÚMERO DE CONTROL |
| Número de control |
1280 |
| 003 - IDENTIFICADOR DEL NÚMERO DE CONTROL |
| Identificador del número de control |
CDMR |
| 005 - FECHA Y HORA DE LA ÚLTIMA TRANSACCIÓN |
| Fecha y hora de la última transacción |
20131106132527.0 |
| 008 - CÓDIGOS DE INFORMACIÓN DE LONGITUD FIJA |
| Códigos de información de longitud fija |
130130s2002||||sp |||||||||||||||||cat|d |
| 020 ## - NÚMERO INTERNACIONAL NORMALIZADO PARA LIBROS |
| Número Internacional Normalizado para Libros (ISBN) |
8479358734 |
| 040 ## - FUENTE DE LA CATALOGACIÓN |
| Centro catalogador de origen |
CDMR |
| Lengua de catalogación |
cat |
| Centro transcriptor |
CDMR |
| 100 1# - PUNTO DE ACCESO PRINCIPAL-NOMBRE DE PERSONA |
| 9 (RLIN) |
3378 |
| Nombre de persona |
Closa, Francesc |
| 245 10 - MENCIÓN DE TÍTULO |
| Título |
Catalanisme i renovació a la premsa carlina a Lleida |
| Resto del título |
: ideologia i poder a El Almogávar leridano, El Loredan i l'Almogáver (1890-1910) |
| Mención de responsabilidad, etc. |
Francesc Closa ; próleg de Jaume Barull |
| 260 ## - PUBLICACIÓN, DISTRIBUCIÓN, ETC. (PIE DE IMPRENTA) |
| Lugar de publicación, distribución, etc. |
Lleida |
| Nombre del editor, distribuidor, etc. |
Pagès |
| Fecha de publicación, distribución, etc. |
2002 |
| 300 ## - DESCRIPCIÓN FÍSICA |
| Extensión |
235 p. |
| 490 0# - MENCIÓN DE SERIE |
| Mención de serie |
Retall |
| Designación de volumen o secuencia |
4 |
| 650 04 - PUNTO DE ACCESO ADICIONAL DE MATERIA - TÉRMINO DE MATERIA |
| 9 (RLIN) |
1635 |
| Término de materia o nombre geográfico como elemento inicial |
Premsa |
| Subdivisión geográfica |
Lleida |
| Subdivisión cronológica |
1890-1910 |
| 650 04 - PUNTO DE ACCESO ADICIONAL DE MATERIA - TÉRMINO DE MATERIA |
| 9 (RLIN) |
3379 |
| Término de materia o nombre geográfico como elemento inicial |
Nacionalisme |
| Subdivisión geográfica |
Catalunya |
| 650 04 - PUNTO DE ACCESO ADICIONAL DE MATERIA - TÉRMINO DE MATERIA |
| 9 (RLIN) |
4089 |
| Término de materia o nombre geográfico como elemento inicial |
Premsa i política |
| Subdivisión geográfica |
Catalunya |
| Subdivisión cronológica |
1890-1910 |
| 942 ## - ENTRADA DE ELEMENTOS AGREGADOS (KOHA) |
| Koha [por defecto] tipo de item |
Monografies |
| Fuente de clasificaión o esquema |
|